[Event "AUT-chT2M 1819"]
[Site "Austria"]
[Date "2018.10.19"]
[Round "1.6"]
[White "Freitag, Manfred"]
[Black "Wertjanz, David"]
[Result "1-0"]
[WhiteElo "2372"]
[BlackElo "2333"]
[PlyCount "61"]
[EventDate "2018.10.19"]
[EventType "team-tourn"]
[EventRounds "11"]
[EventCountry "AUT"]
[SourceTitle "CBM 186 Extra"]
[Source "ChessBase"]
[SourceDate "2018.08.24"]
[SourceVersion "1"]
[SourceVersionDate "2018.08.24"]
[SourceQuality "1"]
[WhiteTeam "Fuerstenfeld/Hartberg"]
[BlackTeam "Die Klagenfurter"]
[WhiteTeamCountry "AUT"]
[BlackTeamCountry "AUT"]

1. d4 c5 2. d5 d6 3. e4 g6 4. Bb5+ Nd7 5. a4 Bg7 6. Nf3 Ngf6 7. Nc3 0-0 8. 0-0 a6 9. Be2 b6 10. Re1 Ne8 11. Bf4 Nc7 12. Qd2 Re8 13. Bf1 Rb8 14. Rab1 b5 15. axb5 Nxb5 16. Nxb5 axb5 17. b4 c4 18. Nd4 Qb6 19. Be3 Qb7 20. Ra1 e6 21. Ra5 Bxd4 22. Qxd4 exd5 23. Ra7 Qc6 24. exd5 Qb6 25. Qa1 Qd8 26. Bh6 f6 27. Re6 Ne5 28. Rg7+ Kh8 29. Qa7 Bd7 30. Rxe5 fxe5 31. Rxd7 1-0

[Event "St Veit op 37th"]
[Site "St Veit"]
[Date "2018.07.10"]
[Round "5"]
[White "Huber, Martin Christian"]
[Black "Wertjanz, David"]
[Result "1-0"]
[WhiteElo "2374"]
[BlackElo "2335"]
[PlyCount "59"]
[EventDate "2018.07.07"]
[EventType "swiss"]
[EventRounds "9"]
[EventCountry "AUT"]
[SourceTitle "EXT 2019"]
[Source "ChessBase"]
[SourceDate "2018.10.10"]
[SourceVersion "1"]
[SourceVersionDate "2018.10.10"]
[SourceQuality "1"]

1. d4 Nf6 2. c4 e6 3. g3 d5 4. Nf3 Be7 5. Bg2 0-0 6. 0-0 c6 7. Qc2 b6 8. Nbd2 Nbd7 9. e4 a5 10. Rd1 Ba6 11. b3 b5 12. e5 Ng4 13. h3 Nh6 14. g4 bxc4 15. bxc4 c5 16. cxd5 exd5 17. Nf1 cxd4 18. Bxh6 d3 19. Qd2 gxh6 20. Qxh6 Qb6 21. Qf4 Bc5 22. Ng5 h6 23. Bxd5 hxg5 24. Qxg5+ Kh8 25. e6 Rad8 26. Rab1 Bxf2+ 27. Kg2 Qd4 28. Qh6+ Kg8 29. exf7+ Rxf7 30. Qg6+ 1-0

[Event "St Veit op 37th"]
[Site "St Veit"]
[Date "2018.07.08"]
[Round "3"]
[White "Wertjanz, David"]
[Black "Hiermann, Dietmar"]
[Result "1-0"]
[WhiteElo "2335"]
[BlackElo "2202"]
[PlyCount "109"]
[EventDate "2018.07.07"]
[EventType "swiss"]
[EventRounds "9"]
[EventCountry "AUT"]
[SourceTitle "EXT 2019"]
[Source "ChessBase"]
[SourceDate "2018.10.10"]
[SourceVersion "1"]
[SourceVersionDate "2018.10.10"]
[SourceQuality "1"]

1. e4 e5 2. Nf3 Nc6 3. Bb5 a6 4. Ba4 Nf6 5. 0-0 b5 6. Bb3 Be7 7. Re1 d6 8. c3 0-0 9. d4 Bg4 10. Be3 Na5 11. dxe5 Bxf3 12. Qxf3 dxe5 13. Nd2 Nxb3 14. axb3 a5 15. Qf5 Nd7 16. Rad1 Bd6 17. Nf3 Qe7 18. Rd5 Rfb8 19. Red1 f6 20. Nh4 g6 21. Qg4 Kf7 22. c4 bxc4 23. bxc4 Rxb2 24. c5 Ra6 25. cxd6 cxd6 26. Bc1 Rbb6 27. Ba3 Nf8 28. f4 exf4 29. Nf3 Ne6 30. e5 f5 31. exd6 Qa7 32. Qh4 Rxd6+ 33. Qf2 Rxd5 34. Rxd5 Qxf2+ 35. Kxf2 Ke8 36. Nd4 Nxd4 37. Rxd4 g5 38. Rd5 Kf7 39. Rxf5+ Kg6 40. Rc5 a4 41. h4 h6 42. hxg5 hxg5 43. Kf3 Kh5 44. Rc8 Rb6 45. Rh8+ Kg6 46. Kg4 Rb3 47. Rh3 Rb5 48. Rc3 Rb6 49. Rc5 Rb3 50. Rxg5+ Kh7 51. Bd6 a3 52. Bxf4 a2 53. Ra5 Rb2 54. Ra7+ Kg6 55. Ra6+ 1-0

[Event "Steyr Landesliga 1718"]
[Site "Austria"]
[Date "2017.09.30"]
[Round "1.2"]
[White "Zechner, Gernot"]
[Black "Wertjanz, David"]
[Result "0-1"]
[WhiteElo "2251"]
[BlackElo "2327"]
[PlyCount "90"]
[EventDate "2017.09.30"]
[EventType "team-tourn"]
[EventRounds "11"]
[EventCountry "AUT"]
[SourceTitle "CBM 181 Extra"]
[Source "ChessBase"]
[SourceDate "2017.12.12"]
[SourceVersion "1"]
[SourceVersionDate "2017.12.12"]
[SourceQuality "1"]
[WhiteTeam "Graz Austria"]
[BlackTeam "Feldbach Kirchberg"]
[WhiteTeamCountry "AUT"]
[BlackTeamCountry "AUT"]

1. d4 c5 2. d5 d6 3. c4 g6 4. Nc3 Bg7 5. e4 e6 6. Nf3 Ne7 7. Bd3 exd5 8. cxd5 Bg4 9. 0-0 0-0 10. Bg5 h6 11. Bh4 g5 12. Bg3 f5 13. exf5 Nxf5 14. Be2 Nd7 15. Qd3 Nxg3 16. fxg3 Qb6 17. Qb5 Qxb5 18. Nxb5 Bxf3 19. Bxf3 Bxb2 20. Rab1 Be5 21. Bg4 Nf6 22. Be6+ Kh8 23. Nc7 Rab8 24. g4 Ne4 25. g3 c4 26. Rxf8+ Rxf8 27. Bf5 Nc5 28. Ne6 Rf7 29. Re1 b6 30. Nxc5 bxc5 31. Rb1 c3 32. Kf2 h5 33. h3 Kg7 34. Kf3 Bd4 35. Ke4 hxg4 36. hxg4 Kf6 37. Be6 Rh7 38. Kd3 Rh2 39. Rf1+ Ke7 40. Bf7 Rxa2 41. Bg6 Bf6 42. Re1+ Be5 43. Rb1 Rd2+ 44. Ke4 c2 45. Rb7+ Kd8 0-1

[Event "Innsbruck op-A 1st"]
[Site "Innsbruck"]
[Date "2017.08.30"]
[Round "6"]
[White "Wertjanz, David"]
[Black "Erhard, Jakob"]
[Result "1-0"]
[WhiteElo "2281"]
[BlackElo "2109"]
[PlyCount "71"]
[EventDate "2017.08.25"]
[EventType "swiss"]
[EventRounds "9"]
[EventCountry "AUT"]
[SourceTitle "CBM 180 Extra"]
[Source "ChessBase"]
[SourceDate "2017.10.06"]
[SourceVersion "1"]
[SourceVersionDate "2017.10.06"]
[SourceQuality "1"]

1. Nf3 g6 2. e4 Bg7 3. d4 d6 4. Nc3 Nf6 5. Be2 c6 6. 0-0 b5 7. e5 dxe5 8. Nxe5 b4 9. Na4 0-0 10. Bf3 Nd5 11. Nc5 Qd6 12. Ne4 Qc7 13. Re1 f6 14. Nc4 e5 15. Nc5 Nb6 16. Qd3 Na6 17. Nxe5 fxe5 18. Nxa6 Bxa6 19. Qxa6 exd4 20. Qd3 Rae8 21. Bg5 c5 22. Qb5 Re5 23. Bd2 a5 24. Qxa5 Rxf3 25. Rxe5 Bxe5 26. gxf3 Bxh2+ 27. Kf1 Qc6 28. Kg2 Bc7 29. Qa6 Qd6 30. Rh1 g5 31. Qd3 Qd7 32. Bxg5 Qg7 33. Qf5 Bd8 34. f4 Nd7 35. Re1 Nf6 36. Qc8 1-0

[Event "AUT-ch"]
[Site "Graz"]
[Date "2017.08.17"]
[Round "6"]
[White "Wertjanz, David"]
[Black "Schnider, Gert"]
[Result "1/2-1/2"]
[WhiteElo "2281"]
[BlackElo "2407"]
[PlyCount "61"]
[EventDate "2017.08.12"]
[EventType "swiss"]
[EventRounds "9"]
[EventCountry "AUT"]
[SourceTitle "CBM 180 Extra"]
[Source "ChessBase"]
[SourceDate "2017.10.06"]
[SourceVersion "1"]
[SourceVersionDate "2017.10.06"]
[SourceQuality "1"]

1. e4 c5 2. Nf3 e6 3. d4 cxd4 4. Nxd4 a6 5. Bd3 Bc5 6. Nb3 Ba7 7. 0-0 Nc6 8. c4 d6 9. Nc3 Nf6 10. Qe2 0-0 11. Be3 Bxe3 12. Qxe3 Ne5 13. Be2 Qc7 14. Rfd1 b6 15. Rac1 Bb7 16. Nd4 Rfd8 17. b3 Ned7 18. Rc2 Rac8 19. Rcd2 Nc5 20. Bf3 Qb8 21. Nde2 Ne8 22. h4 Ba8 23. g3 Nd7 24. Nd4 Qc7 25. Bg4 Nf8 26. Rd3 Rb8 27. Bh3 Qc5 28. Na4 Qc7 29. Nc3 Qc5 30. Na4 Qc7 31. Nc3 1/2-1/2

[Event "AUT-ch"]
[Site "Graz"]
[Date "2017.08.15"]
[Round "4"]
[White "Mesaros, Florian"]
[Black "Wertjanz, David"]
[Result "0-1"]
[WhiteElo "2421"]
[BlackElo "2281"]
[PlyCount "80"]
[EventDate "2017.08.12"]
[EventType "swiss"]
[EventRounds "9"]
[EventCountry "AUT"]
[SourceTitle "CBM 180 Extra"]
[Source "ChessBase"]
[SourceDate "2017.10.06"]
[SourceVersion "1"]
[SourceVersionDate "2017.10.06"]
[SourceQuality "1"]

1. Nf3 Nf6 2. c4 b6 3. g3 c5 4. Bg2 Bb7 5. 0-0 g6 6. b3 Bg7 7. Bb2 0-0 8. d4 cxd4 9. Qxd4 d6 10. Nc3 Nbd7 11. Rfd1 Nd5 12. Qd2 Nxc3 13. Bxc3 Nf6 14. Qb2 Qc7 15. Rac1 Rac8 16. Ne1 Bxg2 17. Nxg2 Bh6 18. Bd2 Bg7 19. Bc3 Bh6 20. e3 Ne4 21. Bb4 Ng5 22. Nf4 Nf3+ 23. Kg2 Qb7 24. Nd5 Ne5 25. f4 e6 26. fxe5 exd5 27. cxd5 Rxc1 28. Qxc1 Rc8 29. Qb2 Qd7 30. Rc1 Re8 31. Bxd6 Bxe3 32. b4 Bxc1 33. Qxc1 Rc8 34. Qb1 Qg4 35. Qd3 Rc1 36. h3 Qc8 37. Qb5 Qc2+ 38. Kf3 Qf5+ 39. Ke3 Re1+ 40. Kd4 Qf2+ 0-1

[Event "AUT-chT2M 1617"]
[Site "Austria"]
[Date "2017.01.27"]
[Round "6.4"]
[White "Wertjanz, David"]
[Black "Schnider, Gert"]
[Result "0-1"]
[WhiteElo "2332"]
[BlackElo "2403"]
[PlyCount "118"]
[EventDate "2016.10.07"]
[EventType "team-tourn"]
[EventRounds "11"]
[EventCountry "AUT"]
[SourceTitle "CBM 177 Extra"]
[Source "ChessBase"]
[SourceDate "2017.04.27"]
[SourceVersion "1"]
[SourceVersionDate "2017.04.27"]
[SourceQuality "1"]
[WhiteTeam "Die Klagenfurter"]
[BlackTeam "Graz Schachfreunde"]
[WhiteTeamCountry "AUT"]
[BlackTeamCountry "AUT"]

1. Nf3 d5 2. g3 Nf6 3. Bg2 c6 4. 0-0 Bf5 5. c4 e6 6. cxd5 exd5 7. d3 Be7 8. Be3 0-0 9. Qb3 Qc8 10. Nc3 Na6 11. Rac1 Re8 12. Nb5 Ng4 13. Bd4 Qd7 14. h3 Nf6 15. Ne5 Qd8 16. Na3 Qb8 17. f4 Bd6 18. e3 Nd7 19. e4 Ndc5 20. Qc2 Be6 21. exd5 Bxd5 22. Bxd5 cxd5 23. Nb5 Ne6 24. Bc3 Qd8 25. Nxd6 Qxd6 26. d4 f6 27. Nf3 g5 28. Nh2 gxf4 29. Ng4 Rf8 30. gxf4 Kh8 31. Kh1 Rac8 32. Qd3 Rc6 33. Qg3 Ng7 34. Rce1 Nf5 35. Qd3 Qd7 36. Qf3 Nc7 37. Re2 Nb5 38. Qd3 Nbd6 39. Bb4 Rf7 40. Bxd6 Nxd6 41. Rg2 Ne4 42. Rfg1 Rg7 43. Qa3 Qc8 44. Nh6 Rcc7 45. Qf3 Rc2 46. Rxg7 Nf2+ 47. Kh2 Ng4+ 48. Kg3 Nxh6 49. Rxh7+ Kxh7 50. Qxd5 Qg8+ 51. Qxg8+ Kxg8 52. b3 Kf7 53. Kf3 b6 54. d5 Rxa2 55. Rc1 Nf5 56. Rc7+ Kg6 57. b4 Ra3+ 58. Ke2 Nd4+ 59. Kd2 Nb5 0-1

[Event "AUT-chT2M 1617"]
[Site "Austria"]
[Date "2016.11.13"]
[Round "5.2"]
[White "Handler, Lukas"]
[Black "Wertjanz, David"]
[Result "1-0"]
[WhiteElo "2372"]
[BlackElo "2332"]
[PlyCount "171"]
[EventDate "2016.10.07"]
[EventType "team-tourn"]
[EventRounds "11"]
[EventCountry "AUT"]
[SourceTitle "CBM 175 Extra"]
[Source "ChessBase"]
[SourceDate "2016.12.12"]
[SourceVersion "1"]
[SourceVersionDate "2016.12.12"]
[SourceQuality "1"]
[WhiteTeam "Maria Saal II"]
[BlackTeam "Die Klagenfurter"]
[WhiteTeamCountry "AUT"]
[BlackTeamCountry "AUT"]

1. Nf3 Nf6 2. g3 b6 3. Bg2 Bb7 4. 0-0 c5 5. d3 e6 6. e4 d6 7. Nbd2 Be7 8. c3 0-0 9. Re1 Nc6 10. Nc4 d5 11. exd5 Nxd5 12. d4 cxd4 13. Nxd4 Nxd4 14. Qxd4 Bc5 15. Qe5 Rc8 16. Ne3 Bd6 17. Qe4 Bc5 18. Qe5 Bd6 19. Qh5 Nf6 20. Qe2 Bxg2 21. Kxg2 Qc7 22. Bd2 Rfd8 23. Rad1 Qc6+ 24. Qf3 Qa4 25. a3 Ne4 26. Bc1 Ng5 27. Qb7 Qe4+ 28. Qxe4 Nxe4 29. Nc2 Nc5 30. Nd4 a6 31. Kf3 Be7 32. Ke2 Bf6 33. Nc2 Kf8 34. f3 Ke7 35. Nb4 a5 36. Rxd8 Kxd8 37. Rd1+ Kc7 38. Nc2 Rd8 39. Rxd8 Kxd8 40. b4 Nb7 41. c4 axb4 42. axb4 Kc7 43. Kd3 Nd6 44. c5 bxc5 45. bxc5 Nb7 46. Kc4 Na5+ 47. Kb5 Nc6 48. Be3 Na7+ 49. Kc4 Nc6 50. f4 Na5+ 51. Kb5 Nc6 52. Kc4 Na5+ 53. Kb5 Nc6 54. Ka4 Ne7 55. Bf2 Nd5 56. Kb5 Nc3+ 57. Kc4 Nd5 58. Na3 Be7 59. Nb5+ Kb7 60. Bd4 g6 61. Bf2 Nf6 62. Be1 Ng4 63. Bb4 Ne3+ 64. Kd3 Nd5 65. Ba3 Kc6 66. Nd4+ Kc7 67. Kc4 Ne3+ 68. Kb3 Nd5 69. Ka4 Ne3 70. Bb4 Nd5 71. Ba5+ Kd7 72. Bb6 Kc8 73. Kb5 Bf6 74. Nc6 Nc3+ 75. Ka6 Kd7 76. Kb7 Ne4 77. Ne5+ Ke8 78. c6 Nd6+ 79. Kb8 Bxe5 80. fxe5 Nc4 81. Bd4 Na5 82. c7 Nc6+ 83. Kb7 Na5+ 84. Kb6 Kd7 85. Kxa5 Kxc7 86. Kb5 1-0

[Event "AUT-ch"]
[Site "St Johann im Pongau"]
[Date "2016.07.25"]
[Round "3"]
[White "Morgunov, Marc"]
[Black "Wertjanz, David"]
[Result "0-1"]
[WhiteElo "2072"]
[BlackElo "2268"]
[PlyCount "68"]
[EventDate "2016.07.23"]
[EventType "swiss"]
[EventRounds "9"]
[EventCountry "AUT"]
[SourceTitle "CBM 173 Extra"]
[Source "ChessBase"]
[SourceDate "2016.08.29"]
[SourceVersion "1"]
[SourceVersionDate "2016.08.29"]
[SourceQuality "1"]

1. e4 c5 2. Nc3 a6 3. a4 e6 4. f4 d5 5. Nf3 Nc6 6. d3 d4 7. Ne2 Nf6 8. c3 dxc3 9. bxc3 c4 10. e5 cxd3 11. Ned4 Nxd4 12. cxd4 Nd5 13. Bxd3 Be7 14. 0-0 h5 15. Bc4 0-0 16. Qb3 Nb6 17. Ba3 Bxa3 18. Rxa3 Nxc4 19. Qxc4 b5 20. Qc2 b4 21. Rb3 a5 22. Rd1 Bd7 23. Ng5 g6 24. Rh3 Rc8 25. Qb1 Bxa4 26. Nxe6 Bc2 27. Qxc2 Rxc2 28. Nxd8 Rxd8 29. d5 a4 30. d6 b3 31. Rf3 b2 32. Rb1 Rc1+ 33. Rf1 Rxb1 34. Rxb1 a3 0-1

[Event "AUT-ch"]
[Site "Pinkafeld"]
[Date "2015.08.02"]
[Round "9"]
[White "Wertjanz, David"]
[Black "Sandhoefner, Florian"]
[Result "1-0"]
[WhiteElo "2253"]
[BlackElo "2333"]
[PlyCount "79"]
[EventDate "2015.07.25"]
[EventType "swiss"]
[EventRounds "9"]
[EventCountry "AUT"]
[SourceTitle "CBM 167 Extra"]
[Source "ChessBase"]
[SourceDate "2015.09.14"]
[SourceVersion "1"]
[SourceVersionDate "2015.09.14"]
[SourceQuality "1"]

1. Nf3 d5 2. e3 Nf6 3. b3 Bg4 4. Bb2 e6 5. h3 Bh5 6. d3 Bb4+ 7. Nbd2 0-0 8. Be2 c5 9. 0-0 Nc6 10. c4 d4 11. exd4 cxd4 12. a3 Bxd2 13. Nxd2 Bxe2 14. Qxe2 a5 15. Nf3 Qb6 16. b4 axb4 17. axb4 Rxa1 18. Rxa1 Qxb4 19. Nxd4 Nxd4 20. Bxd4 Rd8 21. Qf3 Ne8 22. Qe3 b5 23. Bb6 Rc8 24. c5 Nf6 25. Qe5 Nd5 26. Ra7 Qb1+ 27. Kh2 Qxd3 28. Rb7 b4 29. Qb8 Rf8 30. c6 Qc4 31. Qd6 g6 32. c7 Nxc7 33. Rxc7 Qa6 34. Qxb4 e5 35. Ra7 Qc8 36. Re7 f6 37. Qb3+ Kh8 38. Qa3 Qb8 39. Rb7 Qe8 40. Qa7 1-0

[Event "AUT-ch"]
[Site "Pinkafeld"]
[Date "2015.07.26"]
[Round "2"]
[White "Halvax, Georg"]
[Black "Wertjanz, David"]
[Result "1-0"]
[WhiteElo "2355"]
[BlackElo "2253"]
[PlyCount "73"]
[EventDate "2015.07.25"]
[EventType "swiss"]
[EventRounds "9"]
[EventCountry "AUT"]
[SourceTitle "CBM 167 Extra"]
[Source "ChessBase"]
[SourceDate "2015.09.14"]
[SourceVersion "1"]
[SourceVersionDate "2015.09.14"]
[SourceQuality "1"]

1. d4 Nf6 2. Nf3 e6 3. c4 b6 4. g3 Bb7 5. Bg2 Be7 6. d5 exd5 7. Nh4 Ne4 8. cxd5 Nd6 9. Nf3 0-0 10. Nc3 f5 11. Bf4 Na6 12. 0-0 Nc5 13. Nd4 a5 14. Qc2 g6 15. Rad1 Bf6 16. Rfe1 Bxd4 17. Rxd4 Qf6 18. Qd2 Rae8 19. f3 Ba6 20. b3 b5 21. e4 b4 22. Nd1 Nb5 23. Rc4 Qb6 24. Be3 d6 25. Rc1 fxe4 26. fxe4 Re5 27. Nf2 Nc3 28. Bd4 Rh5 29. Ng4 Rf7 30. Nh6+ Rxh6 31. Qxh6 Ne2+ 32. Rxe2 Bxe2 33. Bh3 Qb5 34. Bxc5 dxc5 35. Be6 Qd3 36. Qf4 Qd4+ 37. Kh1 1-0

[Event "St Veit op 34th"]
[Site "St Veit"]
[Date "2015.07.16"]
[Round "7"]
[White "Kummer, Helmut"]
[Black "Wertjanz, David"]
[Result "1/2-1/2"]
[WhiteElo "2296"]
[BlackElo "2253"]
[PlyCount "107"]
[EventDate "2015.07.11"]
[EventType "swiss"]
[EventRounds "9"]
[EventCountry "AUT"]
[SourceTitle "EXT 2016"]
[Source "ChessBase"]
[SourceDate "2015.10.08"]
[SourceVersion "1"]
[SourceVersionDate "2015.10.08"]
[SourceQuality "1"]

1. d4 Nf6 2. c4 e6 3. Nf3 b6 4. g3 Bb7 5. Bg2 c5 6. d5 exd5 7. Nh4 b5 8. Nc3 bxc4 9. Nxd5 Bxd5 10. Bxd5 Nxd5 11. Qxd5 Nc6 12. Nf5 Qf6 13. Bg5 Qe6 14. 0-0-0 f6 15. Be3 Qxd5 16. Rxd5 Nb4 17. Nd6+ Bxd6 18. Rxd6 Nxa2+ 19. Kb1 Nb4 20. Bxc5 Nc6 21. Rhd1 0-0-0 22. Rc1 Rhe8 23. e3 Re4 24. f3 Re6 25. Rxc4 Rxd6 26. Bxd6 Re8 27. e4 Re6 28. Bf8 g6 29. f4 Kb7 30. Kc2 d6 31. Kd3 Kc7 32. Rc3 Kd7 33. Rb3 Ke8 34. Bh6 Kf7 35. h4 f5 36. Rb7+ Re7 37. Rxe7+ Nxe7 38. Bg5 Nc6 39. h5 Ke6 40. hxg6 hxg6 41. Bh6 fxe4+ 42. Kxe4 d5+ 43. Kf3 Nd4+ 44. Kg4 Nf5 45. Bf8 d4 46. Kf3 Kd5 47. g4 Ne3 48. b3 a6 49. Ba3 Nc2 50. Bb2 Ne1+ 51. Ke2 Ng2 52. Kf3 Ne1+ 53. Ke2 Ng2 54. Kf3 1/2-1/2

[Event "St Veit op 34th"]
[Site "St Veit"]
[Date "2015.07.15"]
[Round "6"]
[White "Wertjanz, David"]
[Black "Kreisl, Robert"]
[Result "1/2-1/2"]
[WhiteElo "2253"]
[BlackElo "2454"]
[PlyCount "37"]
[EventDate "2015.07.11"]
[EventType "swiss"]
[EventRounds "9"]
[EventCountry "AUT"]
[SourceTitle "EXT 2016"]
[Source "ChessBase"]
[SourceDate "2015.10.08"]
[SourceVersion "1"]
[SourceVersionDate "2015.10.08"]
[SourceQuality "1"]

1. e4 c5 2. Nf3 e6 3. Be2 Nc6 4. 0-0 Nf6 5. Nc3 d6 6. d4 cxd4 7. Nxd4 Be7 8. Be3 0-0 9. f4 e5 10. Nb3 exf4 11. Bxf4 Be6 12. Kh1 d5 13. exd5 Nxd5 14. Nxd5 Qxd5 15. Bf3 Qc4 16. Be2 Qd5 17. Bf3 Qc4 18. Be2 Qd5 19. Bf3 1/2-1/2

[Event "AUT-chT2M 1415"]
[Site "Austria"]
[Date "2015.04.18"]
[Round "10.5"]
[White "Halvax, Georg"]
[Black "Wertjanz, David"]
[Result "1/2-1/2"]
[WhiteElo "2313"]
[BlackElo "2276"]
[PlyCount "45"]
[EventDate "2014.10.03"]
[EventType "team-tourn"]
[EventRounds "11"]
[EventCountry "AUT"]
[SourceTitle "EXT 2016"]
[Source "ChessBase"]
[SourceDate "2015.10.08"]
[SourceVersion "1"]
[SourceVersionDate "2015.10.08"]
[SourceQuality "1"]
[WhiteTeam "Maria Saal II"]
[BlackTeam "Die Klagenfurter"]
[WhiteTeamCountry "AUT"]
[BlackTeamCountry "AUT"]

1. d4 Nf6 2. Nc3 d5 3. Bf4 c6 4. e3 Qb6 5. Na4 Qa5+ 6. c3 e6 7. a3 b5 8. Nc5 Bxc5 9. dxc5 Nbd7 10. b4 Qd8 11. Nf3 0-0 12. a4 Ne4 13. Bd3 Nxc3 14. Qc2 Nxa4 15. Bxh7+ Kh8 16. 0-0 g6 17. Bxg6 fxg6 18. Qxg6 Qf6 19. Qh5+ Kg8 20. Qg4+ Kh8 21. Qh5+ Kg8 22. Qg4+ Kh8 23. Qh5+ 1/2-1/2